Normal view
MARC view
Entry Personal Name
001 - CONTROL NUMBER
- control field: 700040
003 - CONTROL NUMBER IDENTIFIER
- control field: OSt
005 - DATE AND TIME OF LATEST TRANSACTION
- control field: 20221007083011.0
008 - FIXED-LENGTH DATA ELEMENTS
- fixed length control field: 221007|| aca||aabn | a|a d
040 ## - CATALOGING SOURCE
- Original cataloging agency: OSt
- Transcribing agency: OSt
100 ## - HEADING--PERSONAL NAME
- Personal name: RAM Shashwat
670 ## - SOURCE DATA FOUND
- Source citation: Work cat.: (OSt)1168457: RAM Shashwat, Reasons behind the poor performance of plea bargaining system in India and its comparison with the process in USA, 2018
